000 00805nam a22002297a 4500
003 OSt
005 20140310181737.0
008 130320t xxu||||| |||| 00| 0 eng d
020 _a0205262570
050 _aLC 985
_b.R454 1997
082 _aTR 378.1
_bR48 1997
100 _aKanter, Sandra L.
_9514
245 _aRevitalizing general education in a time of scarcity :
_ba navigational chart for administrators and faculty
_cSandra L. Kanter ... [et al.]
260 _aBoston :
_bAllyn and Bacon,
_cc1997.
300 _axxvii, 196 p. :
_bill. ;
_c24 cm.
521 _aFaculty
541 _j1
562 _e1
650 _aGeneral Education
_xUnited States
_xCase Studies
_9515
650 _aEducation, Higher--Aims and Objectives
_xUnited States
_xCase Studies
_9516
942 _2lcc
_cBK-TR
_kTR
999 _c2630
_d2630